La educación del estilo
Spremljeno u:
| Glavni autor: | |
|---|---|
| Format: | Knjiga |
| Jezik: | španjolski |
| Izdano: |
Santiago
Empresa Editora Zig-Zag S. A
1940
|
| Serija: | Colección Manuales
|
| Teme: | |
| Oznake: |
Dodaj oznaku
Bez oznaka, Budi prvi tko označuje ovaj zapis!
|
MARC
| LEADER | 00000cam a2200000 a 4500 | ||
|---|---|---|---|
| 001 | UCF8439 | ||
| 003 | CL-VaPUC | ||
| 008 | 130829e19400000cl |||||||||||||||||spa|d | ||
| 082 | 0 | 4 | |a 410 |b JAG |2 21 |
| 100 | |a Jagot, Paul-Clément |e author |9 570515 | ||
| 245 | 1 | 3 | |a La educación del estilo |
| 300 | |a 208 p | ||
| 942 | |c BK | ||
| 945 | |d 20130829 16:45:00 |a dcastane | ||
| 260 | |a Santiago |b Empresa Editora Zig-Zag S. A |c 1940 | ||
| 650 | 0 | |a Estilos literarios |9 310538 | |
| 650 | 0 | |a Retórica |9 266620 | |
| 650 | 0 | |a Lingüística aplicada |9 313266 | |
| 583 | |a last modification |c 20130829 16:45:00 |k Rodrigo Vera | ||
| 490 | 0 | |a Colección Manuales | |
| 999 | |c 353011 |d 353009 | ||
| 952 | |0 0 |1 0 |3 erb |4 0 |6 410_000000000000000_JAG_1940 |7 0 |8 P |9 457851 |a BIBEDU |b BIBEDU |c BIBEDU_PB |d 2019-11-23 |i 4997999 |o 410 JAG 1940 |p 4997999 |r 2024-01-25 |w 2019-11-23 |y BK |z Catalogado en:20130829 |k LIT | ||